The Law Pleadings - Drafting & Convefancing (Record no. 18990)

MARC details
000 -LEADER
fixed length control field 00357nam a2200133Ia 4500
008 - FIXED-LENGTH DATA ELEMENTS--GENERAL INFORMATION
fixed length control field 221030s9999 xx 000 0 und d
041 ## - LANGUAGE CODE
Language code of text/sound track or separate title
100 ## - MAIN ENTRY--AUTHOR NAME
Personal name R. D. Srivastava
245 #4 - TITLE STATEMENT
Title The Law Pleadings - Drafting & Convefancing
Statement of responsibility, etc by R. D. Srivastava
260 ## - PUBLICATION, DISTRIBUTION, ETC. (IMPRINT)
Name of publisher Central Law Agency
Place of publication Allahabad
Year of publication 2006
300 ## - PHYSICAL DESCRIPTION
Number of Pages 169
650 ## - SUBJECT ADDED ENTRY--TOPICAL TERM
Topical Term Law
942 ## - ADDED ENTRY ELEMENTS (KOHA)
Koha item type Books
Holdings
Accession Number Cost, normal purchase price Price effective from Koha item type Withdrawn / writtenoff status Materials specified (bound volume or other part) Damaged status Not for loan Permanent Location Current Location Shelving location Date acquired Lost/ Missing status department
LLB 253 150.00 10/30/2022 Books   Print     MIET Library, Jammu MIET Library, Jammu 182/3 09/27/2022   BBA LLB